00867nam a22002415a 450000500170000000800410001701000140005802000260007203500130009803700150011104000180012608200160014410000190016024500590017926000410023827000540027930000290033350000510036252001050041365000350051865000320055365000400058520080703100559.0080326s2008 ii b 011 0 eng  aENG-91174 a9788189901462c675.00 aEN-74707 bDBAD / PUB adplbEnglish  a370.1170954 aYadav, Saryug  aLanguage, literature and education /cby Saryug Yadav  aDelhi :bAcademic Excellence,c2008. a42, Ekta Apartment, Geeta Colony,bDelhi e110031 avii, 266p. c22 cm (Hb)  aIncludes bibliographical references and index. aContributed articles published to commemorate a festschrift of Prof. M.S. Venkataramani (1925-2006). aMulticultural educationzIndia aEducation, BilingualzIndia aEducationxPolitical aspectszIndia